Transnational democracy. Political spaces and border crossings
Guardat en:
| Autor principal: | |
|---|---|
| Format: | Llibre |
| Idioma: | anglès |
| Publicat: |
Nueva York
Routledge
2002
|
| Edició: | 1a. ed |
| Col·lecció: | Transnationalism
|
| Matèries: | |
| Etiquetes: |
Afegir etiqueta
Sense etiquetes, Sigues el primer a etiquetar aquest registre!
|
MARC
| LEADER | 00000nam a2200000 a 4500 | ||
|---|---|---|---|
| 001 | UCG5899 | ||
| 003 | CL-VaPUC | ||
| 008 | 110324e20020000US |||||||||||||||||eng|d | ||
| 020 | |a 0415223431 | ||
| 082 | 0 | 4 | |a 327.10121 |b AND |2 21 |
| 100 | 0 | |a Anderson, James |e author |9 555810 | |
| 245 | 1 | 0 | |a Transnational democracy. Political spaces and border crossings |
| 250 | |a 1a. ed | ||
| 300 | |a 254 p | ||
| 942 | |c BK | ||
| 945 | |d 20110324 00:00:00 |a jcampos | ||
| 260 | |a Nueva York |b Routledge |c 2002 | ||
| 650 | 0 | |a Democracia |9 255256 | |
| 650 | 0 | |a Política mundial |9 255739 | |
| 650 | 0 | |a Soberanía |9 266726 | |
| 650 | 7 | |a ORGANIZACION INTERNACIONAL |2 CL-VaPUC |9 255741 | |
| 650 | 0 | |a Relaciones Internacionales |9 255740 | |
| 583 | |a last modification |c 20110324 00:00:00 |k Rodrigo Vera | ||
| 490 | 0 | |a Transnationalism | |
| 999 | |c 344238 |d 344236 | ||
| 952 | |0 0 |1 0 |4 0 |6 327_101210000000000_AND_2002 |7 0 |8 A |9 442105 |a BIBHIS |b BIBHIS |d 2019-11-22 |i 4757831 |o 327.10121 AND 2002 |p 4757831 |r 2025-01-20 |w 2019-11-22 |y BK |k HIS | ||